000 01026cam a22001814a 4500
005 20250605163939.0
008 250528s ||||||||||||||||||||||||d
035 _a14974
040 _aGR-AtMCL
_bgre
_dGR-AtMCL
_eAACR2
245 1 _aΤο Πρώτο Βήμα στα Computers
260 _c1985
300 _a224
520 _aΕισαγωγή στη Λειτουργία των Ηλεκτρονικών Υπολογιστών, Μια Ματιά στο Παρελθόν, Τα Αριθμητικά Συστήματα, Η Άλγεβρα BOOL, Τα Λογικά Κυκλώματα, Η Επικοινωνία Ανθρώπων και Η/Υ, Το Υλικό Μέρος του Η/Υ, Το Λογικό Μέρος του Η/Υ, Η Διαχείριση Πληροφορίων, Η Μεταφορά Δεδομένων, Οι Μικρουπολογιστές, Ειδικά Θέματα, Ευρετήριο, Βιβλιογραφία.
700 1 _aΒλέτσας Γιάννης
_9793
942 _cBK
999 _c583
_d583